| 000 | 00360nam a2200133Ia 4500 | ||
|---|---|---|---|
| 008 | 210430s9999 xx 000 0 und d | ||
| 020 | _a81-7992-476-9 | ||
| 082 | _a668.4 H2331 H | ||
| 100 |
_aSidney H. Goodman _954109 |
||
| 245 |
_aHandbook of Thermoset Plastics / _cSidney H. Goodman |
||
| 260 |
_aMumbai _bJaico _c2005 |
||
| 300 | _a582p | ||
| 942 |
_cBK _2ddc |
||
| 999 |
_c564575 _d564575 |
||